[Event "Bicaz City Cup 2020"]
[Site "Bicaz"]
[Date "2020.03.05"]
[Round "1.12"]
[White "Tifui, Vasile"]
[Black "Arghirescu, Andrei"]
[Result "0-1"]
[WhiteElo "1401"]
[BlackElo "2015"]
[Annotator "TA"]
[PlyCount "50"]
[EventDate "2020.03.05"]
[EventType "swiss"]
[EventCountry "ROU"]
[SourceTitle "playchess.com"]
[Source "ChessBase"]
[SourceQuality "1"]

{[%evp 9,50,-31,-27,-44,-60,-58,-13,-36,-47,-44,-27,-62,-37,-56,-39,-70,0,0,0,-13,-25,-275,-238,-515,-525,-505,-494,-516,-514,-550,-572,-512,-503,-1003,-1002,-863,-620,-1201,-793,-29997,-29998,-29998,-29999]} 1. b3 b6 2. Bb2 Bb7 3. Nc3 Nf6 4. e3 {[#]} g6 $146 ({Predecessor:} 4... e6 5. f4 g6 6. Nf3 Bg7 7. Be2 O-O 8. d3 d5 9. O-O c5 10. Qe1 Nc6 {0-1 (27) Nunez,B (1846)-Giampa,A (2261) Monteros 2017}) 5. h3 Bg7 6. Qe2 {A01: Nimzowitsch-Larsen Opening.} O-O 7. Nf3 Ne4 8. d4 {The position is equal.} Nxc3 9. Bxc3 c5 10. O-O-O d6 11. Bb2 cxd4 12. exd4 Nc6 ({Black should play} 12... a5 $15) 13. h4 $1 $11 Rc8 14. h5 {Black must now prevent hxg6.} Nb4 $36 {[%mdl 2112] [#] Double Attack. Black has good play.} 15. c3 $2 {This move loses the game for White.} (15. Kb1 $1 $11 {and White has nothing to worry.}) 15... Nxa2+ $19 16. Kb1 $2 (16. Kc2 {was necessary.} Qd7 17. hxg6) 16... Nxc3+ 17. Bxc3 Rxc3 18. Rd3 Qc7 19. Rxc3 Qxc3 {[%mdl 64] [#] Double Attack} 20. Qb2 Be4+ 21. Ka1 (21. Ka2 $142 Qa5+ 22. Qa3) 21... Qa5+ 22. Qa2 Qb4 {aiming for ...Bxf3.} 23. hxg6 hxg6 {Hoping for ...Bxf3.} 24. Qd2 Qa3+ 25. Qa2 Qc1+ {Accuracy: White = 38%, Black = 69%.} 0-1

[Event "Bicaz City Cup 2020"]
[Site "Bicaz"]
[Date "2020.03.05"]
[Round "1.13"]
[White "Lupu, Ovidiu-Jean"]
[Black "Rusu, Eugen-Vlad"]
[Result "1-0"]
[WhiteElo "2129"]
[BlackElo "1390"]
[Annotator "TA"]
[PlyCount "113"]
[EventDate "2020.03.05"]
[EventType "swiss"]
[EventCountry "ROU"]
[SourceTitle "playchess.com"]
[Source "ChessBase"]
[SourceQuality "1"]

{[%evp 9,113,90,122,129,159,76,73,71,58,34,29,-16,-10,-35,-25,-27,21,7,15,-16,0,0,29,21,38,46,101,100,95,94,94,93,135,66,66,66,65,65,142,36,36,36,36,36,36,36,36,36,41,8,8,8,36,29,29,34,156,119,137,137,154,154,131,90,189,189,461,449,383,175,530,435,464,435,400,372,1854,1789,7270,5306,29976,29977,29978,29979,29979,29980,29986,29987,29988,29989,29987,29986,29985,5131,29986,29986,29986,29987,29983,29981,29992,29986,29988,29987,29992,29993]} 1. d4 Nf6 2. Nc3 e6 3. Bf4 Nh5 4. Bd2 {[#]} Bb4 $146 ({Predecessor:} 4... d5 5. e4 Nf6 6. e5 Nfd7 7. Qg4 c5 8. Nb5 cxd4 9. Nf3 Nc6 10. Qg3 a6 11. Nbxd4 {½-½ (66) Bortnyk,O (2552)-Popov,V (2528) Minsk 2015}) 5. e4 Bxc3 6. bxc3 {A45: Trompowsky Attack.} Qh4 7. Qf3 (7. e5 $142) 7... Nf6 $16 8. Bd3 {White is better.} d5 9. e5 Ne4 10. g3 (10. Bxe4 {with more complications.} Qxe4+ 11. Qxe4 dxe4 12. Ne2 b6 13. O-O) 10... Nxd2 11. gxh4 Nxf3+ 12. Nxf3 Nd7 13. Rg1 $36 {[%mdl 2048] White has good play.} g6 14. Bb5 c6 15. Bd3 b5 16. a4 bxa4 17. Rxa4 a5 (17... c5 $14) 18. Kd2 Nb6 19. Ra2 Kd7 20. Ng5 a4 21. Ke3 (21. Nxf7 $16 Rg8 22. Rb1) 21... Ke7 $14 22. Rb1 Nd7 23. Rb4 f6 ({Black should try} 23... h6 $14) 24. Nf3 (24. exf6+ $16 Nxf6 25. Rbxa4 (25. Raxa4 Bd7 $16) 25... Rxa4 26. Rxa4) 24... fxe5 25. Nxe5 Nxe5 26. dxe5 Bd7 27. Rbxa4 Rxa4 28. Rxa4 {[%mdl 4096] Endgame KRB-KRB} c5 $1 29. Rf4 (29. Rg4 {is more complex.} c4 30. Be2 Ra8 31. h5 Be8 32. Kd2) 29... c4 30. Be2 Rf8 31. Rg4 Rf5 32. f4 Rf8 (32... Rh5 $14) 33. Rg1 Ra8 {[#]} 34. h5 $1 Be8 35. h6 Ra3 36. Kd2 Ra7 (36... Kd7 $16 {was called for.}) 37. Rb1 $18 Kf8 $2 (37... Ra8 38. h4 Rd8) 38. Bg4 Ke7 39. h4 (39. Rb6 $142) 39... Rd7 $2 (39... Ra8 {is more resistant.} 40. h5 gxh5 41. Rb7+ Bd7 42. Bxh5 Rg8) 40. Rb6 Bf7 41. Ke3 Ra7 42. Rb8 Rd7 $2 (42... Ra3 43. Kd2 Ra1) 43. Rh8 Rd8 44. Rxh7 Rg8 45. h5 g5 46. f5 exf5 47. Bxf5 Kf8 48. Bg4 Ke8 49. Kd4 Rf8 50. Rg7 Rh8 51. e6 (51. h7 $142 Kf8 52. h6 Bg6 53. Rxg6 Rxh7 54. Rc6 Rf7 55. Rc8+ Ke7 56. Rc7+ Kf8 {[#]} 57. h7 $1 {[%mdl 512]}) 51... Bg8 52. Kxd5 {White mates.} Kf8 53. Kd6 Rxh6 54. Rxg5 Rf6 55. Rf5 Rxf5 56. Bxf5 Ke8 57. Bg6+ {Accuracy: White = 68%, Black = 51%.} 1-0

[Event "Bicaz City Cup 2020"]
[Site "Bicaz"]
[Date "2020.03.05"]
[Round "1.14"]
[White "Andries, Alexia"]
[Black "Telea, Stefan"]
[Result "0-1"]
[WhiteElo "1380"]
[BlackElo "2006"]
[Annotator "TA"]
[PlyCount "62"]
[EventDate "2020.03.05"]
[EventType "swiss"]
[EventCountry "ROU"]
[SourceTitle "playchess.com"]
[Source "ChessBase"]
[SourceQuality "1"]

{[%evp 10,61,32,23,24,26,46,16,41,12,24,13,1,-69,-65,-91,-98,-99,-76,-70,-66,-80,-67,-98,-99,-104,-20,-28,-21,-57,-52,-75,-54,-109,-111,-143,-132,-141,-131,-131,-14,-715,-327,-1895,-528,-29992,-29993,-29993,-29994,-29995,-29996,-29996,-29997,-29999]} 1. d4 Nf6 2. c4 e6 3. Nc3 Bb4 4. e3 c5 5. Bd3 Nc6 6. Nf3 d6 {E41: Nimzo-Indian: Rubinstein: 4...c5 5 Bd3, including Hübner Variation.} 7. O-O O-O 8. Qc2 Qe7 {[#] The position is equal.} 9. d5 $146 ({Predecessor:} 9. dxc5 dxc5 10. Ne4 h6 11. b3 Nxe4 12. Bxe4 Bd7 13. Bxc6 Bxc6 14. Bb2 Bxf3 15. gxf3 {½-½ (42) Nozdrachev,L (2400)-Shemyakin,V (2229) Voronezh 2018}) 9... Bxc3 $1 10. dxc6 Ba5 11. b3 (11. e4 $11) 11... bxc6 $15 12. Bb2 e5 13. Ng5 {[%cal Rd3h7]} h6 (13... g6 {keeps more tension.} 14. Ne4 Ne8 15. Rad1 f5 16. Nc3 Bb7) 14. Ne4 Nxe4 15. Bxe4 Bd7 16. Rad1 f5 17. Bd3 d5 ({Better is} 17... Bc7 $17) 18. cxd5 $1 $11 cxd5 19. Be2 d4 $1 20. Bc4+ Kh8 21. exd4 (21. f4 $15) 21... cxd4 $17 22. f4 Bb6 {aiming for ...d3+.} 23. Kh1 Bc6 $1 $36 {[%mdl 2048] Black is really pushing.} 24. Rfe1 Be4 (24... Rae8 $17 {...Qh4 is the strong threat.} 25. Rxe5 {[%mdl 64] Double Attack} Qh4) 25. Qc1 $2 {[%mdl 8192] [#] White does not recover from this.} (25. Rxe4 $11 d3 26. Qxd3 fxe4 27. Qxe4) 25... Rad8 (25... Bxg2+ $142 $1 {[%mdl 512]} 26. Kxg2 Qb7+ 27. Kg3 Rf6) 26. Qa1 $2 {[#]} (26. Rd2 exf4 27. Ba3) 26... Qh4 (26... Bxg2+ $142 $1 {[%mdl 512]} 27. Kxg2 Qb7+ 28. Kf2 d3+ 29. Re3 {[#]} Qe4 $1 {[%mdl 576] Double Attack, Pin}) 27. fxe5 {[#]} Bxg2+ $1 {[%mdl 512] Black mates.} 28. Kxg2 Qg4+ 29. Kh1 Qf3+ 30. Kg1 d3+ 31. Re3 Bxe3# {Accuracy: White = 38%, Black = 60%.} 0-1

[Event "Bicaz City Cup 2020"]
[Site "Bicaz"]
[Date "2020.03.05"]
[Round "1.15"]
[White "Antal, Hunor-Zoltan"]
[Black "Filip, Gabriel"]
[Result "1-0"]
[WhiteElo "1989"]
[BlackElo "1375"]
[Annotator "TA"]
[PlyCount "99"]
[EventDate "2020.03.05"]
[EventType "swiss"]
[EventCountry "ROU"]
[SourceTitle "playchess.com"]
[Source "ChessBase"]
[SourceQuality "1"]

{[%evp 9,98,-12,95,97,88,93,103,-18,21,25,22,8,13,8,32,6,40,24,20,19,17,10,105,105,106,106,104,106,129,130,142,141,147,147,149,147,136,129,128,128,172,172,244,200,194,204,215,206,319,284,409,378,381,379,429,402,570,560,527,535,650,720,747,738,732,699,997,984,1487,940,899,882,29977,29978,29980,29981,29988,29989,29991,29991,29993,29994,29994,29991,29991,29992,29993,29994,29994,29995,29999]} 1. d4 d5 2. Nf3 c5 3. dxc5 e6 4. Be3 Na6 5. c3 Bxc5 (5... Nxc5 $11 {keeps the balance.} 6. g3 Nf6) 6. Bxc5 $16 {D02: 1 d4 d5 2 Nf3 sidelines, including 2...Nf6 3 g3 and 2...Nf6 3 Bf4.} Nxc5 {[#]} 7. Qd4 $146 {[%mdl 64] [#] Double Attack} ({Predecessor:} 7. Nbd2 Nf6 8. Nb3 Nce4 9. h3 Qc7 10. Qd4 O-O 11. g4 Re8 12. Bg2 e5 13. Qe3 Bxg4 {0-1 (24) Lenz,J (1083)-Couspeyre,T (1200) LSS email 2013}) 7... Ne4 8. Nfd2 (8. Qxg7 $16 Qf6 9. Qxf6 Ngxf6 10. Nbd2) 8... Qf6 (8... Nef6 {with more complications.} 9. e4 Ne7 10. exd5 Nexd5 11. Bb5+ Bd7) 9. Nxe4 Qxd4 $1 10. cxd4 {Hoping for Nec3.} dxe4 11. Nc3 Nf6 12. e3 a6 13. Na4 Rb8 14. Rc1 Bd7 15. Nc5 Bc6 (15... Ke7 $11) 16. Nxa6 $1 {White now steadily converts the win.} bxa6 17. Rxc6 Kd7 18. Rc2 Rhc8 19. Rxc8 Rxc8 {[%mdl 4096] Endgame KRB-KRN} 20. Kd2 Rb8 21. b3 ({Not} 21. Bxa6 Rxb2+ 22. Kc3 Rxf2 $17) 21... a5 22. Bc4 a4 23. Rc1 ({But not} 23. bxa4 $6 Rb2+ 24. Kc3 Rxf2 $14) 23... axb3 24. Bxb3 Ng4 25. h3 Nh6 (25... Nf6 {was worth a try.} 26. Rc5 Kd6) 26. Rc5 Nf5 27. Kc3 Kd6 28. a4 f6 (28... Ne7 {is a better defense.} 29. Ra5 Rc8+ 30. Kd2 Nd5 31. Ra6+ Kd7 32. Ra7+ Nc7) 29. Bc2 Nh4 (29... Ne7 {might work better.} 30. Bxe4 f5) 30. Bxe4 f5 31. Bf3 Rb1 32. a5 Rc1+ (32... Nxf3 $142 33. gxf3 g6) 33. Kb4 $18 Rb1+ 34. Kc4 Rb2 35. a6 Ra2 36. Bb7 Ng6 37. Kb5 Rb2+ 38. Ka5 Rxf2 39. a7 {Threatens to win with Bc6.} Ra2+ 40. Kb6 Nf8 41. Ra5 {White mates.} Rb2+ 42. Ka6 Nd7 43. a8=Q Rb6+ 44. Ka7 Kc7 {[#]} 45. Rc5+ $1 Kd6 (45... Nxc5 46. dxc5) 46. Rc6+ Rxc6 47. Bxc6 g5 48. Qb7 {[%csl Gc6][%cal Rb7d7]} Nf6 49. Kb8 {[%csl Gb8][%cal Rb7c7]} Nd5 50. Qd7# {Accuracy: White = 82%, Black = 43%.} 1-0

[Event "Bicaz City Cup 2020"]
[Site "Bicaz"]
[Date "2020.03.05"]
[Round "1.16"]
[White "Bunghez, Matei"]
[Black "Pislariu, Stefanel-Vasilica"]
[Result "0-1"]
[WhiteElo "1341"]
[BlackElo "1954"]
[Annotator "TA"]
[PlyCount "64"]
[EventDate "2020.03.05"]
[EventType "swiss"]
[EventCountry "ROU"]
[SourceTitle "playchess.com"]
[Source "ChessBase"]
[SourceQuality "1"]

{[%evp 9,64,12,23,-4,-7,-11,0,-23,-13,-18,-18,-22,-13,-3,-10,-23,-25,-43,0,-29,32,-22,0,-96,-82,-87,-27,-168,-173,-161,-168,-167,-159,-164,-60,-227,-224,-362,-355,-361,-350,-405,-418,-474,-460,-1290,-1287,-1241,-1241,-1436,-1426,-29996,-29997,-29997,-29998,-29998,-29999]} 1. e4 c5 2. Nf3 d6 3. Nc3 g6 4. Bb5+ Bd7 5. Bxd7+ Qxd7 6. d3 {B50: Sicilian: 2...d6, Miscellaneous.} Nc6 7. a3 Bg7 8. Bd2 {The position is equal.} Nf6 9. O-O O-O 10. h3 {[#]} Rab8 $146 ({Predecessor:} 10... a6 11. Rb1 b5 12. b4 cxb4 13. axb4 Rfc8 14. Ne2 e5 15. Ra1 d5 16. exd5 Nxd5 {1-0 (41) Miao,Z (1462)-Wang,E Changsha 2019}) 11. Rb1 Rfc8 12. Nh2 b5 13. b4 c4 14. dxc4 bxc4 (14... Nd4 $11) 15. f4 (15. Be3 $14) 15... Nh5 16. f5 (16. g4 $11 {keeps the balance.} Nf6 17. Kg2) 16... Bd4+ $17 17. Rf2 a5 (17... Bxf2+ $17 18. Kxf2 Nf6) 18. Ng4 (18. b5 $1 $11) 18... Bxf2+ 19. Kxf2 axb4 20. axb4 Nxb4 21. Be3 d5 {[#]} (21... Nc6 $19 {Threatens to win with ...Rxb1.} 22. Nd5 Kh8) 22. Qd4 $2 (22. Rxb4 $1 $15 {[%mdl 512]} Rxb4 23. Nxd5) 22... f6 $19 23. Rxb4 (23. Nxd5 {might work better.} Nxd5 24. Rd1) 23... Rxb4 24. Nxd5 Rb7 25. Nh6+ Kf8 26. g4 Qd6 {Strongly threatening ...Qh2+.} 27. gxh5 (27. e5 $142 fxe5 28. Qe4) 27... Qh2+ {[%mdl 64] [#] Double Attack} 28. Kf3 Qxh3+ {[%mdl 64] Double Attack} 29. Kf2 Rb1 {( -> ...Rh1)} 30. Nxf6 Rf1+ {Black mates.} 31. Ke2 Qf3+ 32. Kd2 c3+ {Accuracy: White = 38%, Black = 69%.} 0-1

[Event "Bicaz City Cup 2020"]
[Site "Bicaz"]
[Date "2020.03.05"]
[Round "1.17"]
[White "Prisacaru, Stefan-Emilian"]
[Black "Mutu, Alexandra-Stefania"]
[Result "1-0"]
[WhiteElo "1953"]
[BlackElo "1338"]
[Annotator "TA"]
[PlyCount "108"]
[EventDate "2020.03.05"]
[EventType "swiss"]
[EventCountry "ROU"]
[SourceTitle "playchess.com"]
[Source "ChessBase"]
[SourceQuality "1"]

{[%evp 9,108,-11,-4,-10,0,-6,0,0,4,0,6,0,0,0,3,-16,0,-17,4,-18,52,56,52,41,32,31,190,181,179,157,180,183,190,186,189,133,167,160,152,141,137,135,154,141,139,146,152,98,105,104,108,97,104,97,135,143,179,172,197,191,344,346,355,367,361,372,358,349,587,574,12838,12839,12838,12839,12841,12840,12841,12841,12841,12842,12843,12843,12844,12844,12845,12845,12845,12845,12845,12846,12847,12847,12848,12848,12850,12850,12851,27999,27999,27999,27999]} 1. d4 e6 2. Bf4 Nf6 3. e3 d5 4. c3 Bd6 5. Bg3 O-O 6. Bd3 {D00: 1 d4 d5: Unusual lines.} Nc6 7. Nf3 Qe7 8. Ne5 {The position is equal.} Nd7 {[%cal Rd7e5] [#]} 9. Nxd7 $146 ({Predecessor:} 9. f4 f6 10. Bxh7+ Kxh7 11. Qh5+ Kg8 12. Ng6 Qe8 13. Qh8+ Kf7 14. Nxf8 Qxf8 15. Qxf8+ Kxf8 {0-1 (36) Martinez Talavera,J (1951)-Obon Temprano,S (2273) Barcelona 2019}) 9... Bxd7 10. Nd2 e5 11. O-O e4 12. Bc2 Be6 13. c4 Nb4 14. Bb1 b6 (14... Bxg3 $11 15. hxg3 f5) 15. a3 $36 {[%mdl 2048] White has the initiative.} Na6 16. Qe2 {[#] Hoping for cxd5.} Nb8 17. Bxd6 Qxd6 $2 (17... cxd6 $14 18. f3 dxc4) 18. cxd5 $18 Bxd5 19. Bxe4 Bxe4 20. Nxe4 Qe6 21. Qd3 Nd7 22. Ng5 (22. Rac1 $18) 22... Qg6 23. Qxg6 hxg6 24. Rac1 c5 25. Rfd1 Rfd8 26. Ne4 cxd4 27. Rxd4 Nf6 28. Nc3 ({Better is} 28. Nd6) 28... Rxd4 $16 29. exd4 {[%mdl 4096] Endgame KRN-KRN} Rd8 30. Rd1 Nd5 31. Kf1 Nxc3 32. bxc3 {KR-KR} f5 33. Ke2 Kf7 34. Kd3 b5 $2 {[#]} (34... g5 35. h3 f4) 35. a4 $1 $18 {[%mdl 512]} a6 (35... bxa4 36. Ra1) 36. axb5 axb5 37. Rb1 Rd5 38. Re1 g5 $2 (38... Rd8 {might work better.} 39. Rb1 Rd5) 39. Re5 Rxe5 40. dxe5 {KP-KP} Ke6 41. Kd4 g6 42. g3 g4 43. Kc5 Kxe5 44. Kxb5 Kd5 45. c4+ Kd6 46. c5+ Kc7 47. c6 Kc8 48. Kc5 Kc7 49. Kd5 g5 50. Ke5 f4 51. Kf5 fxg3 52. hxg3 Kxc6 53. Kxg4 (53. Kxg5 $18 Kd5 54. Kxg4 Ke4 55. f4 Kd4 56. Kg5 Ke4 57. f5 Kf3 58. g4) 53... Kd6 54. Kxg5 Kd5 {Accuracy: White = 94%, Black = 67%.} 1-0

[Event "Bicaz City Cup 2020"]
[Site "Bicaz"]
[Date "2020.03.05"]
[Round "1.18"]
[White "Dascalescu, Petru"]
[Black "Panc, Samuel"]
[Result "0-1"]
[WhiteElo "1336"]
[BlackElo "1910"]
[Annotator "TA"]
[PlyCount "66"]
[EventDate "2020.03.05"]
[EventType "swiss"]
[EventCountry "ROU"]
[SourceTitle "playchess.com"]
[Source "ChessBase"]
[SourceQuality "1"]

{[%evp 10,65,9,18,54,-72,-72,-67,-61,-59,-58,-67,-41,-39,-6,-213,-227,-220,-227,-227,-221,-215,-189,-251,-189,-203,-191,-267,-268,-744,-772,-761,-739,-947,-938,-893,-804,-784,-685,-1133,-1129,-1033,-950,-1712,-1672,-29977,-1332,-6029,-5823,-29991,-29992,-29992,-29993,-29993,-29994,-29998,-29999,-29999]} 1. e4 c5 2. Nf3 a6 3. d4 cxd4 4. Nxd4 Nf6 5. Bd3 e5 6. Nf3 d5 {B28: Sicilian: 2 Nf3 a6 (O'Kelly Variation).} 7. Bg5 (7. exd5 $14 {keeps the upper hand.} e4 {[%mdl 64] Double Attack} 8. Qe2) 7... dxe4 $17 8. Bxf6 gxf6 {Black is slightly better.} 9. Bxe4 Qxd1+ 10. Kxd1 Bc5 11. Ke2 {[#]} Be6 $146 {White must now prevent ...f5.} (11... f5 $5 {[%cal Rf5e4]} 12. Bd5 Nd7 $11) ({Predecessor:} 11... Nc6 12. Re1 Be6 13. b3 O-O-O 14. Kf1 Ne7 15. Nbd2 f5 16. Bd3 e4 17. Nxe4 fxe4 18. Bxe4 {0-1 (46) Her,S-Tionko,E (1865) Queenstown 2012}) 12. Nbd2 $2 {[#] This costs White the game.} (12. Nc3 $11) 12... f5 $1 $19 13. Bxb7 Ra7 14. Bxa6 Nxa6 15. Nxe5 O-O $36 {[%mdl 2048] Keeping White busy.} 16. a3 (16. Rhc1 {might work better.}) 16... Bd6 17. Nef3 Nc5 18. Rhd1 (18. Nd4 {is a better defense.}) 18... Na4 19. Nb1 $2 (19. Rdb1) 19... Bc4+ 20. Rd3 Nxb2 {[%mdl 64] Pin} 21. g3 Nxd3 22. cxd3 Bd5 23. Nbd2 Rxa3 24. Rd1 Ra2 25. Kf1 Rc8 26. Kg2 Rcc2 {( -> ...Rxd2)} 27. Kh3 Bb4 (27... Bxf3 $142 28. Nxf3 Rxf2 29. Rb1 Rxf3 30. Rb7 Rxd3 31. Rb5 Rdd2 32. Rxf5 Rxh2+ 33. Kg4 {[#]} h5+ $1 {[%mdl 512]} 34. Kf3 Rhf2+ 35. Ke3 Rxf5 36. Ke4 Ra4+ 37. Ke3 Bxg3 38. Kd2 Ra3 39. Kc1 Rf2 40. Kb1 Rh2 41. Kc1 Ra1#) 28. Nd4 Rxd2 29. Rb1 Rxf2 {[%csl Ga2][%cal Rf2h2] Black mates.} 30. Nxf5 Rxf5 31. Rxb4 Be6 {[%cal Rf5h5]} 32. Kh4 Rxh2+ 33. Kg4 h5# {Accuracy: White = 35%, Black = 73%.} 0-1

[Event "Bicaz City Cup 2020"]
[Site "Bicaz"]
[Date "2020.03.05"]
[Round "1.19"]
[White "Cimpoiasu, Dan"]
[Black "Guzun, Lavinia"]
[Result "1-0"]
[WhiteElo "1884"]
[BlackElo "1328"]
[Annotator "NA RC"]
[PlyCount "87"]
[EventDate "2020.03.05"]
[EventType "swiss"]
[EventCountry "ROU"]
[SourceTitle "playchess.com"]
[Source "ChessBase"]
[SourceQuality "1"]
[TimeControl "5400+30"]

1. d4 {[%emt 0:00:00]} d5 {[%emt 0:00:00]} 2. c4 {[%emt 0:00:05]} c6 {[%emt 0:00:00]} 3. Nf3 {[%emt 0:00:31]} Nf6 {[%emt 0:00:01]} 4. Qc2 {[%emt 0:00:40]} e6 {[%emt 0:00:58]} 5. Bg5 {[%emt 0:00:44]} Nbd7 {[%emt 0:02:09]} 6. Nbd2 {[%emt 0:01:02]} Be7 {[%emt 0:00:46]} 7. e3 {[%emt 0:00:38]} a6 {[%emt 0:00:53]} 8. Bd3 {[%emt 0:01:04]} h6 {[%emt 0:01:13]} 9. Bh4 {[%emt 0:00:22]} O-O {[%emt 0:00:43]} 10. O-O {[%emt 0:00:14]} b5 {[%emt 0:00:47]} 11. b3 {[%emt 0:04:41]} Bb7 {[%emt 0:00:31]} 12. e4 {[%emt 0:06:51]} dxe4 {[%emt 0:02:05]} 13. Nxe4 {[%emt 0:00:33]} Nxe4 {[%emt 0:01:13]} 14. Bxe7 {[%emt 0:00:19]} Qxe7 {[%emt 0:00:08]} 15. Bxe4 {[%emt 0:00:12]} Nf6 {[%emt 0:01:11]} 16. c5 {[%emt 0:03:56]} Nxe4 {[%emt 0:03:14]} 17. Qxe4 {[%emt 0:00:13]} Rfd8 {[%emt 0:00:24]} 18. b4 {[%emt 0:05:50]} a5 {[%emt 0:03:14]} 19. a3 {[%emt 0:00:35]} a4 {[%emt 0:00:41]} 20. Ne5 {[%emt 0:04:42]} Rd5 {[%emt 0:02:22]} 21. Rad1 {[%emt 0:02:31]} Rad8 {[%emt 0:01:13]} 22. h4 {[%emt 0:01:02]} Qf6 {[%emt 0:02:47]} 23. Rd3 {[%emt 0:09:59]} Qf5 {[%emt 0:01:42]} 24. Qxf5 {[%emt 0:05:27]} exf5 {[%emt 0:00:01]} 25. Rfd1 {[%emt 0:01:43]} f6 {[%emt 0:03:17]} 26. Ng6 {[%emt 0:03:06]} Kf7 {[%emt 0:00:26]} 27. Nf4 {[%emt 0:01:11]} R5d7 {[%emt 0:00:14]} 28. h5 {[%emt 0:04:02]} Ba8 {[%emt 0:03:00]} 29. Kf1 {[%emt 0:03:36]} Re7 {[%emt 0:00:56]} 30. f3 {[%emt 0:08:25]} Bb7 {[%emt 0:00:47]} 31. Kf2 {[%emt 0:02:06]} Bc8 {[%emt 0:02:23]} 32. d5 {[%emt 0:01:02]} cxd5 {[%emt 0:00:35]} 33. Rxd5 {[%emt 0:02:08]} Rxd5 {[%emt 0:00:08]} 34. Rxd5 {[%emt 0:01:45]} Re5 {[%emt 0:03:10]} 35. Rd8 {[%emt 0:02:14]} Re8 {[%emt 0:01:18]} 36. Rd6 {[%emt 0:01:24]} Re7 {[%emt 0:00:39]} 37. Ne2 {[%emt 0:03:58]} Re6 {[%emt 0:02:27]} 38. Rxe6 {[%emt 0:01:02]} Bxe6 {[%emt 0:00:15]} 39. Nd4 {[%emt 0:00:17]} Bd7 {[%emt 0:00:46]} 40. Ke3 {[%emt 0:00:36]} g6 {[%emt 0:01:03]} 41. hxg6+ {[%emt 0:00:30]} Kxg6 {[%emt 0:00:01]} 42. Kf4 {[%emt 0:00:22]} h5 {[%emt 0:00:43]} 43. g3 {[%emt 0:00:12]} Be8 {[%emt 0:01:16]} 44. c6 {[%emt 0:01:25]} 1-0

[Event "Bicaz City Cup 2020"]
[Site "Bicaz"]
[Date "2020.03.05"]
[Round "1.20"]
[White "Barila, Cristian-Dorin"]
[Black "Ienasoaie, Rafael"]
[Result "0-1"]
[WhiteElo "1297"]
[BlackElo "1883"]
[Annotator "NA RC"]
[PlyCount "70"]
[EventDate "2020.03.05"]
[EventType "swiss"]
[EventCountry "ROU"]
[SourceTitle "playchess.com"]
[Source "ChessBase"]
[SourceQuality "1"]
[TimeControl "5400+30"]

1. d4 {[%emt 0:00:00]} Nf6 {[%emt 0:00:00]} 2. c4 {[%emt 0:00:10]} e6 {[%emt 0:00:00]} 3. Nc3 {[%emt 0:00:32]} Bb4 {[%emt 0:00:00]} 4. Bd2 {[%emt 0:00:22]} b6 {[%emt 0:00:12]} 5. a3 {[%emt 0:00:25]} Bxc3 {[%emt 0:00:49]} 6. Bxc3 {[%emt 0:00:41]} Bb7 {[%emt 0:00:09]} 7. Nf3 {[%emt 0:02:35]} O-O {[%emt 0:00:12]} 8. e3 {[%emt 0:00:27]} c5 {[%emt 0:00:21]} 9. Be2 {[%emt 0:00:43]} d5 {[%emt 0:01:07]} 10. b3 {[%emt 0:02:02]} Nbd7 {[%emt 0:00:20]} 11. O-O {[%emt 0:00:52]} Qe7 {[%emt 0:00:20]} 12. Qc2 {[%emt 0:02:07]} Ne4 {[%emt 0:00:32]} 13. Bb2 {[%emt 0:01:14]} f5 {[%emt 0:00:10]} 14. Nd2 {[%emt 0:00:35]} cxd4 {[%emt 0:03:35]} 15. exd4 {[%emt 0:03:32]} Rac8 {[%emt 0:00:44]} 16. f3 {[%emt 0:01:54]} Nd6 {[%emt 0:01:10]} 17. Rac1 {[%emt 0:01:15]} f4 {[%emt 0:00:15]} 18. Bd3 {[%emt 0:01:28]} Nf5 {[%emt 0:02:14]} 19. Bxf5 {[%emt 0:01:27]} Rxf5 {[%emt 0:00:11]} 20. Rfe1 {[%emt 0:02:30]} Qf7 {[%emt 0:00:54]} 21. Re2 {[%emt 0:01:19]} h5 {[%emt 0:00:55]} 22. Kf2 {[%emt 0:04:20]} h4 {[%emt 0:00:17]} 23. Rg1 {[%emt 0:01:50]} a5 {[%emt 0:00:28]} 24. Qd3 {[%emt 0:09:08]} Ba6 {[%emt 0:00:49]} 25. Rc1 {[%emt 0:00:36]} Re8 {[%emt 0:03:13]} 26. Nb1 {[%emt 0:03:54]} Nf6 {[%emt 0:05:43]} 27. Nc3 {[%emt 0:06:36]} g5 {[%emt 0:01:54]} 28. Na4 {[%emt 0:01:42]} Qd7 {[%emt 0:02:27]} 29. Nxb6 {[%emt 0:05:14]} Qc6 {[%emt 0:00:09]} 30. Na4 {[%emt 0:02:32]} dxc4 {[%emt 0:00:13]} 31. bxc4 {[%emt 0:01:36]} Qxa4 {[%emt 0:03:52]} 32. Rxe6 {[%emt 0:02:25]} Rxe6 {[%emt 0:00:56]} 33. Qxf5 {[%emt 0:00:22]} Qe8 {[%emt 0:01:18]} 34. Qd3 {[%emt 0:07:43]} Re3 {[%emt 0:00:55]} 35. Qg6+ {[%emt 0:01:55]} Qxg6 0-1